Mechanické vlastnosti vystuženého penového hliníka

Guardado en:
Detalles Bibliográficos
Autor principal: Repková, Daniela, 1991- (Autor)
Otros Autores: Orovčík, Ľubomír, 1985- (Orientador)
Formato: Manuscrito Libro
Lenguaje:eslovaco
Publicado: Trnava : STU v Bratislave MTF UMAT, 2013
Materias:
Acceso en línea:VAIS
Etiquetas: Agregar Etiqueta
Sin Etiquetas, Sea el primero en etiquetar este registro!

MARC

LEADER 00000ntm a22000003a 4500
001 stu269958
005 20150617230247.1
008 130703s2013----xo------------------slo-d
040 |a STU  |b slo 
041 0 |a slo 
044 |a xo 
100 1 |a Repková, Daniela,  |d 1991-  |4 aut  |u M  |T MTF Materiálovotechnologická fakulta  |X 44708  |U M  |Y 60  |7 A000044708 
242 0 0 |a Mechanical properties of reinforced aluminium foam  |y eng 
245 1 |a Mechanické vlastnosti vystuženého penového hliníka 
260 |a Trnava :  |b STU v Bratislave MTF UMAT,  |c 2013 
650 7 |a Materials Engineering  |2 estusub 
650 7 |a properties  |2 estusub 
650 7 |a reinforcement  |2 estusub 
650 7 |a ťahokov  |2 stusub 
650 7 |a vlastnosti  |2 stusub 
650 7 |a ohybová tuhosť  |2 stusub 
650 7 |a penový hliník  |2 stusub 
700 1 |a Orovčík, Ľubomír,  |d 1985-  |4 ths  |u M1000  |U MTF Materiálovotechnologická fakulta  |T MTF Ústav materiálov  |X 29913  |U M1000  |Y 81  |7 A000029913 
856 4 |a info a plný text  |u http://is.stuba.sk/zp/portal_zp.pl?podrobnosti=84810  |3 VAIS 
996 |c M*BP-6118  |l MMSKP  |s P  |a 0  |w stu269958_0001